Test culture générale- 6 - Statistiques

Statistiques générales
  • Ce quiz a été pris 6 424 fois
    6 128 depuis la dernière actualisation
  • Le résultat moyen est 6 sur 10
Statistiques - réponses
Questions Réponses % Correct
Quelle ville faisant partie de l’Union Européenne est la plus peuplée (en comptant les banlieues...)? Paris
85%
Qui est le premier homme à avoir marché sur la Lune? Neil Armstrong
80%
Recep Tayyip Erdogan est un dirigeant (depuis 2003) de... La Turquie
72%
Quelle est le genre du terme équivoque? Féminin
71%
Quel est l’oiseau le plus rapide? Le faucon pèlerin
60%
Qui a dit: « Ich bin ein Berliner »? John Fitzgerald Kennedy
57%
Complétez la liste: Athos, Porthos et... Aramis
55%
Dans « La grande vadrouille », qui accompagne Louis de Funès dans ses pérégrinations? André Robert Raimbourg (dit Bourvil)
50%
Dans quelle chanson, un célèbre chanteur français parle-t-il de des souvenirs et des bonbons de son enfance? Mistral gagnant
37%
Que signifie OTAN? Organisation du Traité de l'Atlantique Nord
31%
Aucun quiz correspondant
Distribution des résultats
% des personnes avec chaque résultat
Percentile par nombre de réponses
Votre historique - résultats
Vous n’avez pas pris ce quiz depuis la dernière actualisation